Platzierungen der Nationalteams bei der Europameisterschaft 1980 - Statistiken

Allgemein
  • Dieses Quiz wurde 5 mal gespielt
  • Das Durchschnittsergebnis liegt bei 4 aus 8
Antwortstatistiken
Hint Antwort % Korrekt
Griechenland Gruppenphase
80%
Tschechoslowakei Dritter Platz
60%
England Gruppenphase
60%
Westdeutschland Sieger
60%
Italien Vierter Platz
60%
Spanien Gruppenphase
40%
Belgien Zweiter Platz
20%
Niederlande Gruppenphase
0%
Keine übereinstimmenden Quizze gefunden
Verteilung der Resultate
Anzahl Personen mit jedem Resultat
Perzentil nach korrekt beantworteten Fragen
Ihre Resultats-Entwicklung
Sie haben dieses Quiz noch nicht gespielt